000 01002nam a2200229Ii 4500
003 JO-AjNU
008 230605s9999||||xx |||||||||||||| ||und||
017 _a1993/9548
020 _a977-270-049-2
040 _aJO-AjNU
_bara
_erda
_cJO-AjNU
041 _aara
050 1 4 _aDT95.5.B5288 1993
100 3 _aتاليف المنصوري، بيبرس؛ تحقيق وتقديم حمدان، عبد الحميد صالح,
_eauthor
_910074
245 0 0 _aمختار الأخبار: تاريخ الدولة الإيوبية ودولة المماليك البحرية حتى سنة 702هجري
250 _aط1
264 3 1 _aالقاهرة: الدار المصرية اللبنانية، 1993
300 _a155ص
_bيشتمل على فهارس الاعلام من ص( 135-155 )
336 _atext
_btxt
_2rdacontent
337 _aunmediated
_bn
_2rdamedia
338 _avolume
_bnc
_2rdacarrier
650 4 _aالدولة الايوبية ودولة المماليك البحرية 702ه-تاريخ
_910075
999 _aA1623
_c5191
_d5191